000 00481nam a2200169Ia 4500
003 IN-BaIIA
008 211028s9999 xx 000 0 eng d
020 _a978-3-527-41281-5
040 _cIIA Library
080 _a523.64-52
_bMEI
100 _aMeierhenrich, Uwe
_936372
245 0 _aComets and their origin
_bthe tools to decipher a comet
_cUwe Meierhenrich
260 _aWeinheim
_bWiley-VCH Verlag Gmbh
_c2015
300 _axxx, 320p.
650 _aComets
_9755
942 _cBK
999 _c19046
_d19046